Do sonho à realidade (Registo nº 1814)

Detalhes MARC
000 -Etiqueta do registo
Cabeçalho 00845nam a22002771 4500
005 - Identificador da versão
Campo de controlo 20240813121917.0
021 ## - Número do Depósito Legal
Código do país PT
100 ## - Dados gerais de processamento
Dados gerais de processamento 20070511d1994 cday0pory5003 ba
102 ## - Pais de publicação ou produção
País de publicação Portugal
101 0# - Língua de publicação
Língua do texto, banda sonora, etc. Português
106 ## - Campo de dados codificados: material textual
Dados codificados do material textual r
105 ## - Campo de dados codificados: livros
Dados codificados dos livros a t 000zy
215 ## - Descrição física 
Indicação específica da natureza do documento e extensão da espécie 13, [5] p.
Outras indicações físicas todo il.
Dimensões 30 cm
200 1# - Titulo e menção de responsabilidade
Título próprio Do sonho à realidade
Primeira menção de responsabilidade capa e il. Ana Plácido
Outras menções de responsabilidade texto de Maria do Céu Sampaio
205 ## - Menção da edição
Menção da edição 1ª ed.
210 ## - Publicação, Distribuição, etc. 
Lugar da edição, distribuição, etc. [Loures]
Nome do editor, distribuidor, etc. Liga Portuguesa do Animal
Data da publicação, distribuição, etc. 1994
300 ## - Notas gerais 
Texto da nota Edição da Liga Portuguesa dos Direitos do Animal
606 ## - Nome comum usado como assunto
Número de registo de entrada de autoridade 0000223
Palavra de ordem Literatura portuguesa infanto-juvenil
Subdivisão de assunto Banda desenhada
675 ## - Classificação Decimal Universal (CDU)
Notação 821.134.3-9
Edição
Língua da edição por
701 #1 - Nome de autor-pessoa física (co-responsabilidade principal)
Palavra de ordem Sampaio
Outra parte do nome não tomada para palavra de ordem Maria do Céu
Código de função Autor / Co-autor
700 #1 - Nome de autor-pessoa física (responsabilidade principal)
Número de registo de entrada de autoridade 0000331
Palavra de ordem Plácido
Outra parte do nome não tomada para palavra de ordem Ana
942 ## - Elementos de entrada adicionados (Koha)
Tipo de item no Koha Livro
Exemplares
Situação do levantamento Origin of item (home branch) (coded) Biblioteca de empréstimo Código de barras Cota Circulation type (not for loan) Tipo de documento Nota do exemplar Damaged status
  Biblioteca Escolar da Coca Maravilhas Biblioteca Escolar da Coca Maravilhas BECM3488/98 8BD PLA   Livro Sem mensagem